000 00610nam a2200205 i 4500
001 175904
003 ES-MaACL
005 20230906215937.0
007 t|
008 101130s1928 fr ||||1| fre d
080 _a821.111-31
100 1 _aCharpentier, John.
_9144114
245 1 0 _aColeridge
_b: le somnambule sublime /
_cJohn Charpentier.
250 _a3e éd.
260 _aParis :
_bLibrairie académique Perrin et Cie,
_c1928.
300 _a239 p. , [2] h. :
_b1 retr. ;
_c19 cm.
504 _aBibliografía: p. 287.
600 0 4 _aColeridge, Samuel Taylor.
_939581
852 _aES-MaACL
_jE-13722
999 _c175904
_d175904